000 00240nam a2200097Ia 4500
008 220204s9999 xx 000 0 und d
082 _a331:364
_bINT
245 0 _aILO and vocational rehabilitation
260 _aGeneva
_bILO
_c1966
942 _cBK
999 _c22107
_d22107